000 00228 a2200097 4500
001 41209
100 _aKolarz, W
245 _aThe peoples of the soviet for east
260 _aN.Y
_bFrederick A Praeger
_c
090 _c25430
_d25430
942 _aNUST-CAE
_cM
_c17148
999 _c276282
_d276282